000 00313nam a22001217a 4500
008 230703b xxu||||| |||| 00| 0 eng d
082 _a342.16
_bIPU 1996
245 _aConstitutional & Parliamentary Information
260 _bInter-Parliamentary Union
_c1996
300 _a293p
440 _n172
942 _2ddc
_cBK
999 _c3231
_d3231